000 00862nam a2200277 i 4500
003 DO-SdBNP
005 20250512094022.0
007 ta
008 250512b2024 xxu||||| |||| 00| 0 spa d
020 _a9789945290431
040 _aDO-SdBNP
_bspa
_cBNPHU
_erda
041 _aspa
082 4 _axxx
_bxxx
_222
100 _aWest, Guillermo,
_eautor
_4aut.
_987150
245 1 0 _aAdaptia /
_cGuillermo West
250 _aPrimera edición
264 4 _aOrlando, florida :
_bEditor no identificado,
_c©2024.
300 _avolumen ;
_c21 cm.
336 _atexto
_btxt
_2rdacontent
337 _asin mediación
_bn
_2rdamedia
338 _avolumen
_bnc
_2rdacarrier
500 _aCuando una inteligencia artificial controla el destino de la humanidad ¿qué significa nuestra existencia?
590 _aInventariado, 2025/BT
910 _aBtavárez
942 _2ddc
_cLBS1
999 _c58361
_d58361